|
|
|
|
| LEADER |
00000nam0a2200000 4500 |
| 001 |
158598 |
| 005 |
20231101222040.0 |
| 010 |
|
|
|a 9785394002182
|
| 035 |
|
|
|a (RuTPU)RU\TPU\book\172006
|
| 090 |
|
|
|a 158598
|
| 100 |
|
|
|a 20090427d2009 m y0rusy50 ca
|
| 101 |
0 |
|
|a rus
|
| 102 |
|
|
|a RU
|
| 105 |
|
|
|a a j 001zy
|
| 200 |
1 |
|
|a Общая химия
|e учебное пособие
|f Ю. В. Алексашин, И. Е. Шпак
|
| 210 |
|
|
|a Москва
|c Дашков и К
|d 2009
|
| 215 |
|
|
|a 256 с.
|c ил.
|
| 320 |
|
|
|a Библиогр.: с. 238.
|
| 330 |
|
|
|a В пособии излагаются основные понятия и законы общей химии в приложении к техническим проблемам, стоящим перед современным производством. Рассмотрены основы теоретической химии, закономерности протекания обменных и окислительно-восстановительных процессов. Представлены коллоидные системы, общие свойства металлов и сплавов, электрохимические системы, методы борьбы с коррозией, идентификация химических веществ, свойства распространенных полимеров, химия неметаллических конструкционных металлов. Для студентов технических вузов.
|
| 606 |
1 |
|
|a Химия
|2 stltpush
|3 (RuTPU)RU\TPU\subj\17362
|9 43035
|
| 610 |
1 |
|
|a химические законы
|
| 610 |
1 |
|
|a атомы
|
| 610 |
1 |
|
|a строение
|
| 610 |
1 |
|
|a химические связи
|
| 610 |
1 |
|
|a межмолекулярные взаимодействия
|
| 610 |
1 |
|
|a комплексные соединения
|
| 610 |
1 |
|
|a вещества
|
| 610 |
1 |
|
|a конденсированные состояния
|
| 610 |
1 |
|
|a химические процессы
|
| 610 |
1 |
|
|a энергетика
|
| 610 |
1 |
|
|a термодинамические величины
|
| 610 |
1 |
|
|a химико-термодинамические расчеты
|
| 610 |
1 |
|
|a химическая кинетика
|
| 610 |
1 |
|
|a гомогенные системы
|
| 610 |
1 |
|
|a гетерогенные системы
|
| 610 |
1 |
|
|a химическое равновесие
|
| 610 |
1 |
|
|a дисперсные системы
|
| 610 |
1 |
|
|a электролиты
|
| 610 |
1 |
|
|a растворы
|
| 610 |
1 |
|
|a сильные электролиты
|
| 610 |
1 |
|
|a коллоидные системы
|
| 610 |
1 |
|
|a сплавы
|
| 610 |
1 |
|
|a электрохимические системы
|
| 610 |
1 |
|
|a электролиз
|
| 610 |
1 |
|
|a законы Фарадея
|
| 610 |
1 |
|
|a коррозия
|
| 610 |
1 |
|
|a защита
|
| 610 |
1 |
|
|a полимеры
|
| 610 |
1 |
|
|a химический анализ
|
| 610 |
1 |
|
|a конструкционные материалы
|
| 610 |
1 |
|
|a кремний
|
| 610 |
1 |
|
|a учебные пособия
|
| 675 |
|
|
|a 54(075.8)
|v 3
|
| 700 |
|
1 |
|a Алексашин
|b Ю. В.
|
| 701 |
|
1 |
|a Шпак
|b И. Е.
|
| 801 |
|
1 |
|a RU
|b 63413507
|c 20090427
|g PSBO
|
| 801 |
|
2 |
|a RU
|b 63413507
|c 20150519
|g PSBO
|
| 900 |
|
|
|a Общая химия
|
| 900 |
|
|
|a Химия
|
| 942 |
|
|
|c BK
|
| 959 |
|
|
|a 54/20090422
|d 5
|e 198
|f АНЛ:1
|f ЧЗТЛ:1
|f УФ:3
|